000
00261nam a22001217a 4500
082
_a
158
_b
KHE/L
100
_a
KHERA,SHIV
245
_a
LIVING WITH HONOUR
260
_a
INDIA
_b
MACMILLAN
300
_a
202
650
_a
PERSONALITY DEVELOPMENT
_v
INDIA
942
_c
BK
999
_c
5258
_d
5258